Word Ladder: Alphabetic Span Quiz Stats

 Plays Quiz Updated Sep 29, 2012

Support Sporcle.
Go Orange.
Score 0/8 Timer 01:00
0 Plays Today
Clue 3-Letter Word % Correct
Uncle's son, slangilyCUZ
75.8%
Sleeping soundZZZ
73.6%
Argentine revolutionaryCHE
60%
Follows a realizationAHA
59.1%
Doubled, a danceCHA
58.4%
They'll fix your flatAAA
54.1%
Jewish silver coinZUZ
53.3%
Shark's stickCUE
53.3%

Today's Daily Dose

Word Ladder
Math Aid

Get the Picture
Warrior Women

You're not logged in!

Compare scores with friends on all Sporcle quizzes.
OR
Log In
Forgot?

From the Vault

Movie Subtitle Madness III

by sproutcm

Movies 5m
It's not a true movie sequel unless it has a completely unnecessary subtitle.
Remove Ads.
Support Sporcle.
Get the best of Sporcle when you Go Orange. This ad-free experience offers more features, more stats, and more fun while also helping to support Sporcle. Thank you for becoming a member.

Show Comments

Extras

Top Quizzes Today


Score Distribution

Your Account Isn't Verified!

In order to create a playlist on Sporcle, you need to verify the email address you used during registration. Go to your Sporcle Settings to finish the process.

Report this User

Report this user for behavior that violates our Community Guidelines.

Details: